000 01202nam a2200253 u 4500
003 AM-YeHGA
005 20250618071546.0
008 030527s1944 ai r 000 0 arm d
040 _aAM-YeHGA
100 1 _aԹերզիբաշյան, Վահրամ Վահանի,
_d1899-1964
_92563
245 1 0 _aՍովետական Միության հերոս գեներալ-մայոր Անդրանիկ Ղազարյան /
_cՎ. Թերզիբաշյան; Պատ. խմբ.՝ Խ. Մոմջյան; Նկ.՝ Մ.Ն. Մոխ; ՀՍՍՌ ԳԱ, Պատմ. ին-տ.
260 _aԵրևան :
_bԱ. հ.,
_c1944.
300 _a49 էջ :
_bնկ. ;
_c14 սմ.
440 0 _aՀայաստանի զավակների մարտական սխրագործությունները
600 1 4 _aՂազարյան, Անդրանիկ
_99389
650 1 4 _aՍովետական Միության հերոսներ
650 1 4 _aՀայրենական Մեծ պատերազմ
_9887
700 1 _aՄոխ, Մ.Ն.
_eնկ.
_4art
710 2 _aՀՍՍՌ ԳԱ
710 2 _aՊատմության ինստիտուտ
_98824
856 4 _uhttps://arar.sci.am/dlibra/publication/345756/edition/318479/content
_yԿարդալ առցանց
942 _2udc
_cBK
090 _c81898
999 _c80630
_d80630